000 00582cam a22002053a 4500
001 46010
003 PGUSA
005 20140828084056.0
008 140617s2014||||xxu|||||s|||||000 | eng d
040 _aPGUSA
_beng
042 _adc
100 1 _aFinley, Martha,
_d1828-1909
245 1 0 _aElsie's Journey on Inland Waters
_h[electronic resource] /
_cMartha Finley
260 _bProject Gutenberg,
_c2014
506 _aPublic domain in the USA.
516 _aElectronic text
830 0 _aProject Gutenberg
_v46010
856 4 0 _uhttp://www.gutenberg.org/ebooks/46010
942 _cEB
999 _c275259
_d275259